Investigaciòn evaluativa/ (Registro nro. 9379)

Detalles MARC
000 -LEADER
fixed length control field 00907nam a2200217Ia 4500
005 - FECHA Y HORA DE LA ÚLTIMA TRANSACCIÓN
control field 20230917102637.0
008 - FIXED-LENGTH DATA ELEMENTS--GENERAL INFORMATION
fixed length control field 230912s9999 xx 000 0 und d
020 ## - INTERNATIONAL STANDARD BOOK NUMBER
International Standard Book Number 968-24-3353-3
040 ## - CATALOGING SOURCE
Original cataloging agency UPAN
Transcribing agency Biblioteca San Vicente
Description conventions RCAA2
041 ## - LANGUAGE CODE
Language code of text/sound track or separate title spa
082 ## - DEWEY DECIMAL CLASSIFICATION NUMBER
Classification number 001.4
Item number W457i
año de publicación 2004
100 ## - MAIN ENTRY--PERSONAL NAME
Personal name Weiss, Carol H.
Relator code aut.
245 #0 - TITLE STATEMENT
Title Investigaciòn evaluativa/
Statement of responsibility, etc Carol H. Weiss
250 ## - EDITION STATEMENT
Edition statement 2° ed
260 ## - PUBLICATION, DISTRIBUTION, ETC. (IMPRINT)
Place of publication, distribution, etc México:
Name of publisher, distributor, etc Trillas,
Date of publication, distribution, etc 1990
300 ## - PHYSICAL DESCRIPTION
Extent 183 p.;
Dimensions 23 cm
505 ## - FORMATTED CONTENTS NOTE
Formatted contents note Cap. 1 Introducción-<br/>Cap. 2 Objetivos de la Evaluación<br/>Cap. 3 Formulación de la pregunta y medición de la respuesta<br/>Cap. 4 Diseño de la Evaluación<br/>Cap. 5 El Marco Turbulento del Programa de Acción<br/>Cap. 6 Utilización de los resultados de la evaluación<br/>Bibliografía-Indice Analitico.
650 ## - SUBJECT ADDED ENTRY--TOPICAL TERM
Source of heading or term LEMB
General subdivision Investigación social
9 (RLIN) 3
700 ## - ADDED ENTRY--PERSONAL NAME
Personal name González Aramburo, Francisco
Relator code tr.
942 ## - ADDED ENTRY ELEMENTS (KOHA)
Koha item type Libros
Source of classification or shelving scheme Dewey Decimal Classification
Existencias
Withdrawn status Lost status Source of classification or shelving scheme Damaged status Not for loan Collection code Home library Current library Date acquired Total Checkouts Full call number Barcode Date last seen Copy number Price effective from Koha item type
    Dewey Decimal Classification     Colección General Biblioteca UPAN San Vicente Biblioteca UPAN San Vicente 12/09/2023   001.4 W457i 12003128 12/09/2023 01 12/09/2023 Libros
    Dewey Decimal Classification     Colección General Biblioteca UPAN San Vicente Biblioteca UPAN San Vicente 17/09/2023   001.4 W457i 12003127 17/09/2023 02 17/09/2023 Libros
    Dewey Decimal Classification     Colección General Biblioteca UPAN San Vicente Biblioteca UPAN San Vicente 17/09/2023   001.4 W457i 12003126 17/09/2023 03 17/09/2023 Libros
    Dewey Decimal Classification     Colección General Biblioteca UPAN San Vicente Biblioteca UPAN San Vicente 17/09/2023   001.4 W457i 12000003 17/09/2023 04 17/09/2023 Libros
    Dewey Decimal Classification     Colección General Biblioteca UPAN San Vicente Biblioteca UPAN San Vicente 17/09/2023   001.4 W457i 12000002 17/09/2023 05 17/09/2023 Libros
    Dewey Decimal Classification     Colección General Biblioteca UPAN San Vicente Biblioteca UPAN San Vicente 17/09/2023   001.4 W457i 12003418 17/09/2023 06 17/09/2023 Libros